Library Logo

Pioneer International University Library Catalogue

Nisamehe Mama (Record no. 9465)

MARC details
000 -LEADER
fixed length control field 00337nam a22001337a 4500
005 - DATE AND TIME OF LATEST TRANSACTION
control field 20250901165814.0
008 - FIXED-LENGTH DATA ELEMENTS--GENERAL INFORMATION
fixed length control field 250328b |||||||| |||| 00| 0 eng d
020 ## - INTERNATIONAL STANDARD BOOK NUMBER
International Standard Book Number 9789966068309
050 ## - LIBRARY OF CONGRESS CALL NUMBER
Classification number PL 8704 .M56 2015
245 ## - TITLE STATEMENT
Title Nisamehe Mama
Statement of responsibility, etc. Ben Mkota
260 ## - PUBLICATION, DISTRIBUTION, ETC.
Place of publication, distribution, etc. Nairobi:
Name of publisher, distributor, etc. One Planet,
Date of publication, distribution, etc. 2015.
300 ## - PHYSICAL DESCRIPTION
Extent 170 p.:
Dimensions 18 cm.
942 ## - ADDED ENTRY ELEMENTS (KOHA)
Source of classification or shelving scheme Library of Congress Classification
Holdings
Withdrawn status Lost status Source of classification or shelving scheme Damaged status Not for loan Collection Home library Current library Shelving location Date acquired Source of acquisition Total checkouts Full call number Barcode Date last seen Copy number Price effective from Koha item type Date last checked out
    Library of Congress Classification       Main Library Main Library   03/28/2025 Donation from KICD   PL 8704 .M56 2015 PIUD0000498 03/28/2025 1 03/28/2025 Books  
    Library of Congress Classification       Main Library PIU Library   04/02/2025 Donation from KICD 1 PL 8704 .M56 2015 PIUD0000599 02/10/2026 2   Books 01/28/2026